| 000 | 00451nam a2200169 a 4500 | ||
|---|---|---|---|
| 001 | 0000-9132 | ||
| 003 | ELIB.Books | ||
| 008 | 110520 1981 | ||
| 035 | _a(ELIB.Books)0000-9284 | ||
| 082 |
_a260 _bCol |
||
| 100 | _aColson, Howard P | ||
| 245 | _aUnderstanding Your Church's Curriculum | ||
| 260 |
_bTennessee: Broadman Press _c1981 |
||
| 650 | _aChristian Church - Society | ||
| 942 |
_2ddc _cBK |
||
| 998 |
_cbat _e2011-05-20 |
||
| 999 |
_c9132 _d9132 |
||